000 00262nam a2200121Ia 4500
100 _aKumbhojkar/ G.V
942 _cBK
366 _f15
245 _aEngineering Mathematics III computers and IT
260 _bP.Jamnadas
_c2021
546 _aENGLISH
999 _c29681
_d29681